Представление документа в формате RUSMARC

ПолеНазваниеЗначение
  Тип записи a
  Библиографический уровень m
001 Контрольный номер e43813d81d434a86b9c02bd6bcf406ef
005 Дата корректировки 20140626091742.2
010 Индекс ISBN __
a ISBN 5-9589-0030-7
101 Язык документа 0_
a Язык текста rus
102 Страна публикации __
a Страна публикации RU
200 Заглавие и сведения об ответственности 1_
a Заглавие О валютном регулировании и валютном контроле
e Сведения, относящиеся к заглавию федер. закон: по состоянию на 26 нояб. 2003 г.
210 Выходные данные 1_
c Издательство Юркнига
a Место издания М.
d Дата издания 2004
215 Физическое описание __
a Объем 39, [1] с.
610 Ключевые слова 0_
a Ключевые слова валюта
610 Ключевые слова 0_
a Ключевые слова валютное регулирование
610 Ключевые слова 0_
a Ключевые слова валютный контроль
610 Ключевые слова 0_
a Ключевые слова законодательный акт
610 Ключевые слова 0_
a Ключевые слова федеральный закон
686 Индексы других классификаций __
a Классификационный индекс 67.628.111.12-32
2 Код системы rubbk
686 Индексы других классификаций __
a Классификационный индекс 65.9(2)826
2 Код системы rubbk
801 Источник записи _0
a Страна RU
b Организация РУК
c Дата составления 20051219
g Правила каталогизации PSBO
801 Источник записи _1
a Страна RU
b Организация РУК
c Дата составления 20051219
g Правила каталогизации PSBO
852 Данные о местонахождении __
i Авторский знак О-11
j Шифр хранения ББК 67
901 Тип документа __
t Тип документа m
938 Служебная информация __
a Название организации Головной вуз
b Имя БД BOOK
c Название АИБС АИБС ИРБИС